| 000 | 00973nam a22003137a 4500 | ||
|---|---|---|---|
| 001 | BR8006667 | ||
| 003 | BR-BrBNA | ||
| 005 | 20230928090811.0 | ||
| 007 | ta | ||
| 008 | 230509b bl.||||| |||| 00| 0 por d | ||
| 040 |
_aBR-BrBNA _bpor _cBiblioteca Nacional de Agricultura |
||
| 041 | _a(Por) | ||
| 072 |
_aK20 _b8901 _b/G514 |
||
| 090 | _ 8901 BR8006667 | ||
| 110 | 1 |
_aInstituto Brasileiro de Desenvolvimento Florestal, Brasilia, DF (Brasil) _95727 |
|
| 245 | 1 | _aAproveitamento da madeira da area do reservatorio da Usina Hidreletrica de Tucurui; termos de referencia, gleba de explotacao 7 [Brasil] | |
| 260 | 3 |
_aBrasilia, DF (Brasil): _c1980. |
|
| 300 | _a221 p. | ||
| 500 | _a1 Map, scale 1:25,000 | ||
| 650 | _aRECONHECIMENTO FLORESTAL | ||
| 650 | _aTUCURUI | ||
| 650 | _aMADEIRA | ||
| 650 | _aARVORE FLORESTAL | ||
| 650 | _aDENDROMETRIA | ||
| 650 | _aEXPLORACAO FLORESTAL | ||
| 650 | _aPARA | ||
| 909 |
_a202309 _bLucia _c55 _dLucia Elande |
||
| 942 | _cBK | ||
| 999 |
_c30604 _d30604 |
||